Normal view
MARC view
- फडके य.दि
Entry Personal Name
001 - CONTROL NUMBER
- control field: 60584
003 - CONTROL NUMBER IDENTIFIER
- control field: OSt
005 - DATE AND TIME OF LATEST TRANSACTION
- control field: 20220806110208.0
008 - FIXED-LENGTH DATA ELEMENTS
- fixed length control field: 220806|| aca||aabn | a|a d
040 ## - CATALOGING SOURCE
- Original cataloging agency: OSt
- Transcribing agency: OSt
100 ## - HEADING--PERSONAL NAME
- Personal name: फडके य.दि
670 ## - SOURCE DATA FOUND
- Source citation: Work cat.: (OSt)34605: फडके य.दि., विसाव्या शतकातील महाराष्ट्र खंड ३, 2008